[Event "DEM U16w 2025"]
[Site "Willingen GER"]
[Date "2025.06.14"]
[Round "9"]
[White "Prokscha, Charlotte"]
[Black "Pommerehncke, Marla"]
[Result "1-0"]
[Termination "normal"]
[Board "12"]
[WhiteElo "1808"]
[BlackElo "1391"]
[WhiteClock "00:06:05"]
[BlackClock "00:07:18"]
[PlyCount "61"]
[WhiteFideId "34614699"]
[BlackFideId "34686347"]
[EventCountry "GER"]
[EventRounds "9"]
[EventType "swiss"]
[EventDate "2025.06.07"]

1. d4 {[%clk 01:30:58]} Nf6 {[%clk 01:30:53]} {[%emt 00:00:08]} 2. c4 {[%clk
01:31:21]} {[%emt 00:00:06]} g6 {[%clk 01:31:17]} {[%emt 00:00:07]} 3. Nc3
{[%clk 01:31:45]} {[%emt 00:00:06]} Bg7 {[%clk 01:31:20]} {[%emt 00:00:27]} 4.
Nf3 {[%clk 01:31:44]} {[%emt 00:00:30]} O-O {[%clk 01:31:41]} {[%emt 00:00:09]}
5. e3 {[%clk 01:31:39]} {[%emt 00:00:35]} d6 {[%clk 01:31:09]} {[%emt
00:01:02]} 6. Be2 {[%clk 01:31:25]} {[%emt 00:00:44]} Nbd7 {[%clk 01:29:42]}
{[%emt 00:01:58]} 7. O-O {[%clk 01:29:37]} {[%emt 00:02:18]} e5 {[%clk
01:27:52]} {[%emt 00:02:19]} 8. Qc2 {[%clk 01:23:17]} {[%emt 00:06:48]} c6
{[%clk 01:15:30]} {[%emt 00:12:53]} 9. Rd1 {[%clk 01:20:58]} {[%emt 00:02:49]}
Qc7 {[%clk 01:12:52]} {[%emt 00:03:09]} 10. b3 {[%clk 01:10:42]} {[%emt
00:10:47]} a6 {[%clk 01:04:22]} {[%emt 00:08:59]} 11. Bb2 {[%clk 01:10:27]}
{[%emt 00:00:44]} Re8 {[%clk 00:58:13]} {[%emt 00:06:41]} 12. Rac1 {[%clk
01:03:40]} {[%emt 00:07:16]} exd4 {[%clk 00:49:33]} {[%emt 00:09:10]} 13. Rxd4
{[%clk 00:35:59]} {[%emt 00:28:11]} Nc5 {[%clk 00:44:33]} {[%emt 00:05:30]} 14.
b4 {[%clk 00:24:30]} {[%emt 00:11:59]} Bf5 {[%clk 00:42:57]} {[%emt 00:02:05]}
15. Qd1 {[%clk 00:24:11]} {[%emt 00:00:50]} Nce4 {[%clk 00:41:57]} {[%emt
00:01:31]} 16. Na4 {[%clk 00:16:53]} {[%emt 00:07:48]} b5 {[%clk 00:35:44]}
{[%emt 00:06:42]} 17. cxb5 {[%clk 00:16:05]} {[%emt 00:01:18]} axb5 {[%clk
00:36:03]} {[%emt 00:00:11]} 18. Bxb5 {[%clk 00:15:53]} {[%emt 00:00:42]} Bd7
{[%clk 00:32:21]} {[%emt 00:04:12]} 19. Rdc4 {[%clk 00:14:25]} {[%emt
00:01:57]} Qb7 {[%clk 00:29:29]} {[%emt 00:03:23]} 20. Bxc6 {[%clk 00:14:00]}
{[%emt 00:00:54]} Bxc6 {[%clk 00:29:30]} {[%emt 00:00:30]} 21. Rxc6 {[%clk
00:14:28]} {[%emt 00:00:02]} Qxb4 {[%clk 00:26:59]} {[%emt 00:03:01]} 22. R6c4
{[%clk 00:14:49]} {[%emt 00:00:07]} Qb5 {[%clk 00:24:02]} {[%emt 00:03:29]} 23.
Bxf6 {[%clk 00:12:58]} {[%emt 00:02:21]} Bxf6 {[%clk 00:20:26]} {[%emt
00:04:07]} 24. Nd4 {[%clk 00:11:05]} {[%emt 00:02:22]} Qa5 {[%clk 00:17:32]}
{[%emt 00:03:24]} 25. f3 {[%clk 00:09:23]} {[%emt 00:02:12]} d5 {[%clk
00:14:04]} {[%emt 00:03:58]} 26. Nc6 {[%clk 00:05:59]} {[%emt 00:03:54]} Qb5
{[%clk 00:13:09]} {[%emt 00:01:25]} 27. Rb4 {[%clk 00:06:16]} {[%emt 00:00:12]}
Nc3 {[%clk 00:10:32]} {[%emt 00:03:08]} 28. Rxc3 {[%clk 00:05:05]} {[%emt
00:01:42]} Qxb4 {[%clk 00:09:04]} {[%emt 00:01:57]} 29. Nxb4 {[%clk 00:05:29]}
{[%emt 00:00:06]} Bxc3 {[%clk 00:07:39]} {[%emt 00:01:55]} 30. Nxc3 {[%clk
00:05:54]} {[%emt 00:00:05]} Rxe3 {[%clk 00:07:18]} {[%emt 00:00:50]} 31. Ncxd5
{[%clk 00:06:05]} {[%emt 00:00:19]} 1-0

[Event "DEM U16w 2025"]
[Site "Willingen GER"]
[Date "2025.06.14"]
[Round "9"]
[White "Bauer, Laura Sophie"]
[Black "Haug, Mara"]
[Result "1/2-1/2"]
[Termination "normal"]
[Board "13"]
[WhiteElo "1979"]
[BlackElo "1999"]
[WhiteClock "00:53:04"]
[BlackClock "00:33:54"]
[PlyCount "42"]
[WhiteFideId "16253647"]
[BlackFideId "16259300"]
[EventCountry "GER"]
[EventRounds "9"]
[EventType "swiss"]
[EventDate "2025.06.07"]

1. e4 {[%clk 01:30:58]} {[%emt 00:00:03]} c5 {[%clk 01:30:57]} {[%emt
00:00:04]} 2. Nf3 {[%clk 01:31:24]} {[%emt 00:00:03]} Nc6 {[%clk 01:31:23]}
{[%emt 00:00:04]} 3. Nc3 {[%clk 01:31:49]} {[%emt 00:00:04]} g6 {[%clk
01:30:54]} {[%emt 00:01:00]} 4. d4 {[%clk 01:29:16]} {[%emt 00:03:03]} cxd4
{[%clk 01:31:10]} {[%emt 00:00:14]} 5. Nxd4 {[%clk 01:29:41]} {[%emt 00:00:05]}
Bg7 {[%clk 01:31:33]} {[%emt 00:00:07]} 6. Nxc6 {[%clk 01:30:05]} {[%emt
00:00:06]} bxc6 {[%clk 01:28:40]} {[%emt 00:03:23]} 7. Bc4 {[%clk 01:30:06]}
{[%emt 00:00:29]} d6 {[%clk 01:26:55]} {[%emt 00:02:15]} 8. O-O {[%clk
01:30:29]} {[%emt 00:00:07]} e6 {[%clk 01:21:40]} {[%emt 00:05:45]} 9. Bf4
{[%clk 01:27:36]} {[%emt 00:03:23]} e5 {[%clk 01:19:40]} {[%emt 00:02:30]} 10.
Be3 {[%clk 01:26:12]} {[%emt 00:01:53]} Be6 {[%clk 01:17:24]} {[%emt 00:02:46]}
11. Bb3 {[%clk 01:18:58]} {[%emt 00:07:45]} Ne7 {[%clk 01:11:58]} {[%emt
00:05:56]} 12. Qd3 {[%clk 01:12:00]} {[%emt 00:07:27]} Qc7 {[%clk 01:08:20]}
{[%emt 00:04:08]} 13. Rad1 {[%clk 01:11:20]} {[%emt 00:01:10]} Rd8 {[%clk
01:07:51]} {[%emt 00:00:58]} 14. Qa6 {[%clk 01:07:43]} {[%emt 00:04:08]} Bxb3
{[%clk 01:02:26]} {[%emt 00:05:55]} 15. axb3 {[%clk 01:08:06]} {[%emt
00:00:08]} Rd7 {[%clk 01:02:29]} {[%emt 00:00:26]} 16. Ra1 {[%clk 01:07:26]}
{[%emt 00:01:10]} Nc8 {[%clk 01:01:02]} {[%emt 00:01:57]} 17. Ra5 {[%clk
01:06:46]} {[%emt 00:01:10]} O-O {[%clk 00:53:19]} {[%emt 00:08:13]} 18. Rfa1
{[%clk 01:06:47]} {[%emt 00:00:29]} c5 {[%clk 00:52:35]} {[%emt 00:01:15]} 19.
Nb5 {[%clk 01:00:04]} {[%emt 00:07:13]} Qb8 {[%clk 00:50:15]} {[%emt 00:02:48]}
20. b4 {[%clk 00:58:42]} {[%emt 00:01:54]} cxb4 {[%clk 00:47:40]} {[%emt
00:03:05]} 21. Bxa7 {[%clk 00:53:04]} {[%emt 00:06:08]} Qa8 {[%clk 00:33:54]}
{[%emt 00:17:16]} 1/2-1/2

[Event "DEM U16w 2025"]
[Site "Willingen GER"]
[Date "2025.06.14"]
[Round "9"]
[White "Dedic, Sajra"]
[Black "Hoffmann, Svenja"]
[Result "1-0"]
[Termination "normal"]
[Board "14"]
[WhiteElo "1657"]
[BlackElo "1761"]
[WhiteClock "00:10:15"]
[BlackClock "00:59:40"]
[PlyCount "137"]
[WhiteFideId "14422794"]
[BlackFideId "16287312"]
[EventCountry "GER"]
[EventRounds "9"]
[EventType "swiss"]
[EventDate "2025.06.07"]

1. d4 {[%clk 01:30:57]} {[%emt 00:00:04]} Nf6 {[%clk 01:30:39]} {[%emt
00:00:21]} 2. Bg5 {[%clk 01:31:21]} {[%emt 00:00:06]} g6 {[%clk 01:29:22]}
{[%emt 00:01:47]} 3. Bxf6 {[%clk 01:31:45]} {[%emt 00:00:06]} exf6 {[%clk
01:29:47]} {[%emt 00:00:05]} 4. g3 {[%clk 01:31:49]} {[%emt 00:00:26]} Bg7
{[%clk 01:28:53]} {[%emt 00:01:25]} 5. Bg2 {[%clk 01:31:56]} {[%emt 00:00:22]}
O-O {[%clk 01:28:57]} {[%emt 00:00:27]} 6. e3 {[%clk 01:32:19]} {[%emt
00:00:07]} d5 {[%clk 01:28:44]} {[%emt 00:00:42]} 7. Ne2 {[%clk 01:32:35]}
{[%emt 00:00:13]} c6 {[%clk 01:27:32]} {[%emt 00:01:43]} 8. Nd2 {[%clk
01:32:44]} {[%emt 00:00:21]} Nd7 {[%clk 01:24:50]} {[%emt 00:03:12]} 9. c4
{[%clk 01:30:03]} {[%emt 00:03:11]} Nb6 {[%clk 01:24:35]} {[%emt 00:00:45]} 10.
b3 {[%clk 01:28:31]} {[%emt 00:02:03]} f5 {[%clk 01:23:51]} {[%emt 00:01:14]}
11. Rc1 {[%clk 01:27:06]} {[%emt 00:01:54]} g5 {[%clk 01:22:26]} {[%emt
00:01:55]} 12. h4 {[%clk 01:08:03]} {[%emt 00:19:33]} f6 {[%clk 01:20:18]}
{[%emt 00:02:39]} 13. Nf3 {[%clk 00:44:44]} {[%emt 00:23:48]} Be6 {[%clk
01:17:36]} {[%emt 00:03:12]} 14. c5 {[%clk 00:41:13]} {[%emt 00:04:01]} Nd7
{[%clk 01:17:48]} {[%emt 00:00:17]} 15. Rh2 {[%clk 00:32:43]} {[%emt 00:09:01]}
Rf7 {[%clk 01:14:44]} {[%emt 00:03:34]} 16. Qc2 {[%clk 00:32:31]} {[%emt
00:00:41]} h6 {[%clk 01:14:11]} {[%emt 00:01:03]} 17. Kd2 {[%clk 00:31:26]}
{[%emt 00:01:35]} Qc7 {[%clk 01:13:00]} {[%emt 00:01:42]} 18. Rch1 {[%emt
00:04:50]} Nf8 {[%clk 01:05:26]} {[%emt 00:07:25]} 19. Nc1 {[%clk 00:25:11]}
{[%emt 00:03:04]} f4 {[%clk 01:04:22]} {[%emt 00:01:34]} 20. gxf4 {[%clk
00:22:28]} {[%emt 00:03:12]} gxf4 {[%clk 01:02:55]} {[%emt 00:01:58]} 21. Bh3
{[%clk 00:19:19]} {[%emt 00:03:39]} Bxh3 {[%clk 01:02:17]} {[%emt 00:01:08]}
22. Rxh3 {[%clk 00:19:45]} {[%emt 00:00:04]} fxe3+ {[%clk 01:00:52]} {[%emt
00:01:56]} 23. fxe3 {[%clk 00:19:52]} {[%emt 00:00:22]} Re8 {[%clk 01:00:57]}
{[%emt 00:00:25]} 24. h5 {[%clk 00:18:42]} {[%emt 00:01:40]} Qe7 {[%clk
01:00:23]} {[%emt 00:01:04]} 25. Nh4 {[%clk 00:18:19]} {[%emt 00:00:53]} Qe4
{[%clk 00:57:56]} {[%emt 00:02:57]} 26. Qxe4 {[%clk 00:17:44]} {[%emt
00:01:05]} Rxe4 {[%clk 00:57:49]} {[%emt 00:00:36]} 27. Nf5 {[%clk 00:17:46]}
{[%emt 00:00:29]} Rg4 {[%clk 00:57:04]} {[%emt 00:01:14]} 28. Ne2 {[%clk
00:16:43]} {[%emt 00:01:33]} Ne6 {[%clk 00:56:43]} {[%emt 00:00:52]} 29. Rg1
{[%clk 00:16:00]} {[%emt 00:01:13]} Rxg1 {[%clk 00:54:51]} {[%emt 00:02:22]}
30. Nxg1 {[%clk 00:16:26]} {[%emt 00:00:05]} Ng5 {[%clk 00:55:15]} {[%emt
00:00:06]} 31. Rh2 {[%clk 00:15:09]} {[%emt 00:01:46]} Bf8 {[%clk 00:54:36]}
{[%emt 00:01:09]} 32. Rg2 {[%clk 00:15:12]} {[%emt 00:00:26]} Kh7 {[%clk
00:54:59]} {[%emt 00:00:07]} 33. Ne2 {[%clk 00:15:03]} {[%emt 00:00:40]} a5
{[%clk 00:54:49]} {[%emt 00:00:40]} 34. Nf4 {[%clk 00:14:58]} {[%emt 00:00:35]}
b6 {[%clk 00:54:28]} {[%emt 00:00:52]} 35. Nd3 {[%clk 00:13:50]} {[%emt
00:01:38]} Ne4+ {[%clk 00:54:35]} {[%emt 00:00:22]} 36. Kc2 {[%clk 00:12:35]}
{[%emt 00:01:46]} bxc5 {[%clk 00:47:41]} {[%emt 00:07:24]} 37. dxc5 {[%clk
00:11:43]} {[%emt 00:01:21]} Ng5 {[%clk 00:43:47]} {[%emt 00:04:23]} 38. a3
{[%clk 00:11:00]} {[%emt 00:01:14]} Ra7 {[%clk 00:41:50]} {[%emt 00:02:27]} 39.
b4 {[%clk 00:07:57]} {[%emt 00:03:33]} axb4 {[%clk 00:42:09]} {[%emt 00:00:12]}
40. axb4 {[%clk 00:08:12]} {[%emt 00:00:14]} Kg8 {[%clk 00:40:05]} {[%emt
00:02:34]} 41. Nd4 {[%clk 00:05:41]} {[%emt 00:03:01]} Ra6 {[%clk 00:38:47]}
{[%emt 00:01:48]} 42. Kb2 {[%clk 00:02:00]} {[%emt 00:04:10]} Kf7 {[%clk
00:38:24]} {[%emt 00:00:53]} 43. Nc1 {[%clk 00:01:32]} {[%emt 00:00:58]} Bg7
{[%clk 00:37:23]} {[%emt 00:01:31]} 44. Nf5 {[%clk 00:24:50]} {[%emt 00:07:12]}
Bf8 {[%clk 01:06:50]} {[%emt 00:01:03]} 45. Ne2 {[%clk 00:21:30]} {[%emt
00:03:50]} Ra4 {[%clk 01:04:24]} {[%emt 00:02:57]} 46. Kb3 {[%clk 00:20:54]}
{[%emt 00:01:06]} Ra1 {[%clk 01:04:29]} {[%emt 00:00:25]} 47. Ned4 {[%clk
00:19:50]} {[%emt 00:01:34]} Ra6 {[%clk 01:04:40]} {[%emt 00:00:20]} 48. Ra2
{[%clk 00:19:39]} {[%emt 00:00:39]} Rxa2 {[%clk 01:04:28]} {[%emt 00:00:43]}
49. Kxa2 {[%clk 00:20:02]} {[%emt 00:00:07]} Ke8 {[%clk 01:04:25]} {[%emt
00:02:07]} 50. Nxc6 {[%clk 00:20:43]} {[%emt 00:01:42]} Kd7 {[%clk 01:04:43]}
{[%emt 00:00:11]} 51. Ncd4 {[%emt 00:03:10]} Nf7 {[%clk 01:03:05]} {[%emt
00:00:15]} 52. Kb3 {[%clk 00:18:21]} {[%emt 00:02:06]} Ne5 {[%clk 01:02:43]}
{[%emt 00:00:52]} 53. Ka4 {[%clk 00:17:32]} {[%emt 00:01:19]} Nc6 {[%clk
00:59:12]} {[%emt 00:04:00]} 54. b5 {[%clk 00:15:02]} {[%emt 00:03:00]} Nd8
{[%clk 00:58:46]} {[%emt 00:00:57]} 55. c6+ {[%clk 00:13:13]} {[%emt 00:02:19]}
Kc7 {[%clk 00:59:04]} {[%emt 00:00:12]} 56. Ka5 {[%clk 00:12:58]} {[%emt
00:00:44]} Bc5 {[%clk 00:58:23]} {[%emt 00:01:12]} 57. Nxh6 {[%clk 00:12:28]}
{[%emt 00:01:00]} Bb6+ {[%clk 00:58:27]} {[%emt 00:00:25]} 58. Ka4 {[%clk
00:11:12]} {[%emt 00:01:46]} Bxd4 {[%clk 00:58:22]} {[%emt 00:00:35]} 59. exd4
{[%clk 00:11:37]} {[%emt 00:00:06]} Kb6 {[%clk 00:58:47]} {[%emt 00:00:05]} 60.
Nf5 {[%clk 00:11:26]} {[%emt 00:00:40]} Ne6 {[%clk 00:59:07]} {[%emt 00:00:10]}
61. h6 {[%clk 00:11:01]} {[%emt 00:00:56]} Ng5 {[%clk 00:59:22]} {[%emt
00:00:14]} 62. Ne7 {[%clk 00:10:43]} {[%emt 00:00:49]} f5 {[%clk 00:58:19]}
{[%emt 00:01:33]} 63. Nxd5+ {[%clk 00:10:47]} {[%emt 00:00:25]} Ka7 {[%clk
00:58:43]} {[%emt 00:00:07]} 64. Nf4 {[%clk 00:10:44]} {[%emt 00:00:32]} Kb6
{[%clk 00:58:52]} {[%emt 00:00:22]} 65. d5 {[%clk 00:10:54]} {[%emt 00:00:20]}
Kc7 {[%clk 00:59:14]} {[%emt 00:00:07]} 66. Ka5 {[%clk 00:10:44]} {[%emt
00:00:40]} Nf7 {[%clk 00:59:14]} {[%emt 00:00:30]} 67. b6+ {[%clk 00:10:30]}
{[%emt 00:00:44]} Kb8 {[%clk 00:59:22]} {[%emt 00:00:22]} 68. h7 {[%clk
00:10:40]} {[%emt 00:00:20]} Kc8 {[%clk 00:59:40]} {[%emt 00:00:12]} 69. d6
{[%clk 00:10:15]} {[%emt 00:00:55]} 1-0